00394pab a2200121 454500008004000000100001900040245013400059260000900193300001200202362001400214650002800228773001600256180718b2012 xxu||||| |||| 00| 0 eng d aGurumurthy, B. aA case study on strategic and geopolitical impact of PLA - Pak military strategic partnership and security implications for India c2012 ap.5-20. aJan - Mar aInternational relations aUSI Journal